| 000 | nam a22 7a 4500 | ||
|---|---|---|---|
| 999 |
_c28809 _d28808 |
||
| 003 | OSt | ||
| 005 | 20170529220146.0 | ||
| 008 | 170425b xxu||||| |||| 00| 0 eng d | ||
| 020 | _a9780176562878 | ||
| 040 |
_aMMU _beng _cMMU _dMMU |
||
| 050 |
_aHA29 _b .H448 2014 |
||
| 082 | _aHA29 .H448 2014 | ||
| 100 | _aHeiman W. Gary | ||
| 245 |
_aBasic statistics for the behavioral sciences / _cGary W. Heiman |
||
| 250 | _acustom ed. | ||
| 260 |
_aToronto : _bNelson Education , _c2014. |
||
| 300 |
_aiv, 502 p.: _bill.: |
||
| 500 | _aIncludes index | ||
| 650 | _aBasic statistics | ||
| 942 |
_2lcc _cLOAN LOAN |
||